000 00530nam a2200181 i 4500
001 101128
003 ES-MaACL
005 20260610142458.0
007 t|
008 051013s1933 fr |||| | fre d
100 1 _aMaurois, André,
_d1885-1967
_979267
245 1 0 _aIntroduction áa la méthode de Paul Valéry /
_cAndré Maurois [seud.].
260 _aParis :
_b[s.n.],
_c1933 (
_fImp. Union)
300 _a109 p. ;
_c17 cm.
600 1 0 _aValéry, Paul,
_d1871-1945
_9243197
852 _aES-MaACL
_jF-14564
999 _c101128
_d101128